| 000 | 00482nam a2200193Ia 4500 | ||
|---|---|---|---|
| 008 | 170918s9999 xx 000 0 und d | ||
| 020 | _a9780590960660 | ||
| 050 | _bR643 1997 | ||
| 100 | _aRoberts, Bethany | ||
| 245 | _aValentine mice! / | ||
| 245 | _cby Bethany Roberts ; illustrated by Doug Cushman. | ||
| 260 | _aNew York : | ||
| 260 | _bScholastic, | ||
| 260 | _c1997 | ||
| 300 | _a32 pages : | ||
| 300 | _bcolored illustration ; | ||
| 300 | _c20cm. | ||
| 500 | _aBR | ||
| 999 |
_c342810 _d342810 |
||